Mecánica elemental

Zapisane w:
Opis bibliograficzny
1. autor: Monge Otarola, Bernardo
Format: Nieznany
Wydane: [San José, Costa Rica] 1955
Hasła przedmiotowe:
Etykiety: Dodaj etykietę
Nie ma etykietki, Dołącz pierwszą etykiete!

MARC

LEADER 00000 a2200000 4500
003 011013
005 20221231143802.0
008 140114s1955 cr a m 000 ||s d
040 |c cru CEDI 
090 |a TFG 071 
100 |a Monge Otarola, Bernardo  |9 17132 
245 |a Mecánica elemental 
260 |c 1955  |a [San José, Costa Rica] 
300 |a  [61] hojas ; 29 cm  
500 |a  Tesis (Ingeniero Civil) Universidad de Costa Rica.  
501 |a Ed. mecanografiada 
650 |x MECANICA  |9 17133 
942 |c TFG 
999 |c 11939  |d 11939